What Team do They Manage? - Statistics

General Stats
  • This quiz has been taken 85 times
    31 since last reset
  • The average score is 12 of 25
Answer Stats
Manager Answer % Correct
Diego Simeone Atlético Madrid
97%
Didier Deschamps France
90%
Maurizio Sarri SS Lazio
83%
Nuno Espírito Santo Nottingham Forest
72%
Manuel Pellegrini Real Betis
72%
Ernesto Valverde Athletic Bilbao
62%
Niko Kovač Borussia Dortmund
62%
Zlatko Dalić Croatia
62%
Patrick Vieira Genoa
59%
Marcelo Gallardo River Plate
55%
Bruno Lage SL Benfica
55%
Vitor Pereira Wolverhamton Wanderers
55%
Vincenzo Italiano Bologna
52%
José Bordalás Getafe
41%
Peter Bosz PSV Eindhoven
41%
Mircea Lucescu Romania
41%
Dick Advocaat Curaçao
34%
Filippo Inzaghi Palermo
34%
Serhiy Rebrov Ukraine
34%
Stefano Pioli Al-Nassr
31%
Javier Aguirre Mexico
24%
Cuca Atlético Mineiro
21%
Fatih Terim Al-Shabab
17%
Tony Popovic Australia
17%
Phil Neville Portland Timbers
17%
No matching quizzes found
Score Distribution
Percent of People with Each Score
Percentile by Number Answered
Your Score History
You have not taken this quiz since the last reset